[Event "Gordon Hoskyn Memorial"]
[Site "Palmerston North"]
[Date "2009.08.29"]
[Round "5"]
[White "McDonald, John A"]
[Black "Lee, Edward"]
[Result "0-1"]
[WhiteElo "1973"]
[BlackElo "2057"]
[PlyCount "54"]
[EventDate "2009.08.29"]
[EventType "swiss (rapid)"]
[EventRounds "6"]
[EventCountry "NZL"]
[SourceTitle "EXT 2018"]
[Source "ChessBase"]
[SourceDate "2017.10.13"]
[SourceVersion "1"]
[SourceVersionDate "2017.10.13"]
[SourceQuality "1"]

1. c4 e5 2. g3 Nf6 3. Bg2 d5 4. cxd5 Nxd5 5. Nc3 Nb6 6. Nf3 Nc6 7. 0-0 Be7 8. d3 0-0 9. Be3 f5 10. Qb3+ Kh8 11. Rfd1 f4 12. Bd2 fxg3 13. hxg3 Bg4 14. Be3 Bxf3 15. Bxf3 Bg5 16. Bxc6 Bxe3 17. Bf3 Bd4 18. Kg2 c6 19. Ne4 Nd5 20. e3 Bxe3 21. fxe3 Nxe3+ 22. Kf2 Qd4 23. Ke2 Nd5 24. Re1 Qe3+ 25. Kd1 Qxf3+ 26. Kd2 Rad8 27. Rad1 a5 0-1

[Event "NZL-ch 112th"]
[Site "Wanganui"]
[Date "2005.01.05"]
[Round "6"]
[White "Civin, Tomas"]
[Black "McDonald, John A"]
[Result "1-0"]
[WhiteElo "2414"]
[BlackElo "2018"]
[PlyCount "119"]
[EventDate "2005.01.02"]
[EventType "swiss"]
[EventRounds "11"]
[EventCountry "NZL"]
[SourceTitle "CBM 104 Extra"]
[Source "ChessBase"]
[SourceDate "2005.03.01"]
[SourceVersion "1"]
[SourceVersionDate "2005.03.01"]
[SourceQuality "1"]

1. d4 d5 2. c4 dxc4 3. Nf3 Nf6 4. e3 c5 5. Bxc4 e6 6. 0-0 a6 7. a4 Be7 8. Qe2 0-0 9. Rd1 Qc7 10. Nc3 Nc6 11. h3 b6 12. d5 exd5 13. Nxd5 Nxd5 14. Bxd5 Bb7 15. e4 Bf6 16. Be3 Rfe8 17. Rac1 Nb4 18. a5 Nxd5 19. exd5 Rad8 20. Qc4 b5 21. Qxc5 Qxc5 22. Rxc5 Bxb2 23. Rd3 b4 24. d6 Be4 25. Rd2 Bc3 26. d7 Rf8 27. Rd1 Bc2 28. Rd6 Ba4 29. Rc7 Bf6 30. Bg5 Bxg5 31. Nxg5 b3 32. Ne4 f5 33. Nc3 b2 34. Rb7 Bb5 35. Rd2 Rf7 36. Rxb2 Bxd7 37. Rd2 Kf8 38. Na4 Ke8 39. Nc5 Re7 40. Nxa6 Bc8 41. Rxe7+ Kxe7 42. Rxd8 Kxd8 43. Nb4 Kc7 44. Kh2 Kd6 45. Kg3 Kc5 46. Nc2 Kb5 47. Kf4 Kxa5 48. Nd4 g6 49. Kg5 Bb7 50. h4 Kb4 51. g4 Kc5 52. gxf5 gxf5 53. Nxf5 Kd5 54. Kf6 Ba6 55. Ng3 Bd3 56. h5 Bc2 57. h6 Kd4 58. Kg7 Bg6 59. f4 Bd3 60. f5 1-0

[Event "NZL-ch 112th"]
[Site "Wanganui"]
[Date "2005.01.04"]
[Round "5"]
[White "McDonald, John A"]
[Black "Wohl, Aleksandar H"]
[Result "0-1"]
[WhiteElo "2018"]
[BlackElo "2359"]
[PlyCount "86"]
[EventDate "2005.01.02"]
[EventType "swiss"]
[EventRounds "11"]
[EventCountry "NZL"]
[SourceTitle "CBM 104 Extra"]
[Source "ChessBase"]
[SourceDate "2005.03.01"]
[SourceVersion "1"]
[SourceVersionDate "2005.03.01"]
[SourceQuality "1"]

1. e4 Nf6 2. Nc3 e6 3. e5 Nd5 4. d4 d6 5. Nf3 dxe5 6. Nxe5 Bd6 7. Qg4 Kf8 8. Ne4 f5 9. Qf3 Qh4 10. Bd3 Bxe5 11. dxe5 Nc6 12. Bg5 Qg4 13. Qxg4 fxg4 14. 0-0-0 h6 15. Bh4 Nxe5 16. Rhe1 Nxd3+ 17. Rxd3 Kf7 18. Bg3 b6 19. a3 Ba6 20. Rd2 Rhe8 21. f3 gxf3 22. Rf2 Kg8 23. Rxf3 Re7 24. Nd2 Bb7 25. Bh4 g5 26. Bg3 Nf4 27. Rfe3 Rae8 28. Ne4 Rf8 29. Rg1 e5 30. h4 Nh5 31. Be1 g4 32. Bc3 Nf4 33. Ree1 Nd5 34. Bd2 Kg7 35. g3 Re6 36. c4 Ne7 37. Bc3 Nc6 38. Re3 Nd4 39. Rd1 Rf3 40. Ree1 c5 41. Nd2 Rxg3 42. Bxd4 cxd4 43. Nf1 Rg1 0-1

[Event "NZL-ch 112th"]
[Site "Wanganui"]
[Date "2005.01.02"]
[Round "1"]
[White "Dive, Russell John"]
[Black "McDonald, John A"]
[Result "1-0"]
[WhiteElo "2334"]
[BlackElo "2018"]
[PlyCount "79"]
[EventDate "2005.01.02"]
[EventType "swiss"]
[EventRounds "11"]
[EventCountry "NZL"]
[SourceTitle "CBM 104 Extra"]
[Source "ChessBase"]
[SourceDate "2005.03.01"]
[SourceVersion "1"]
[SourceVersionDate "2005.03.01"]
[SourceQuality "1"]

1. c4 e5 2. Nc3 Nc6 3. g3 g6 4. Bg2 Bg7 5. Rb1 a5 6. a3 Nge7 7. b4 axb4 8. axb4 d6 9. b5 Na5 10. d3 0-0 11. Nf3 f5 12. Bd2 c6 13. bxc6 bxc6 14. 0-0 d5 15. cxd5 cxd5 16. Bg5 Be6 17. e4 fxe4 18. dxe4 d4 19. Nd5 Bxd5 20. exd5 Qd7 21. Re1 Nxd5 22. Nxe5 Bxe5 23. Rxe5 Nc3 24. Qe1 Rae8 25. Ra1 Nc4 26. Rxe8 Rxe8 27. Ra8 Rxa8 28. Bxa8 Kf7 29. Kg2 Nd5 30. Qc1 Ncb6 31. Bc6 Qe6 32. h4 Qe4+ 33. Kg1 Qe6 34. Qc5 Qe1+ 35. Kg2 Qe4+ 36. Kh2 Qe5 37. Bd8 Qf5 38. Qxd4 Qe6 39. Qc5 Nd7 40. Qxd5 1-0

[Event "NZL-ch Major op"]
[Site "Wanganui"]
[Date "2003.01.03"]
[Round "2"]
[White "McDonald, John A"]
[Black "Smith, Vivian J"]
[Result "1-0"]
[WhiteElo "1858"]
[BlackElo "1659"]
[PlyCount "59"]
[EventDate "2003.01.??"]
[EventType "swiss"]
[EventRounds "11"]
[EventCountry "NZL"]
[SourceTitle "EXT 2005"]
[Source "ChessBase"]
[SourceDate "2004.11.15"]
[SourceVersion "1"]
[SourceVersionDate "2004.11.15"]
[SourceQuality "1"]

1. g3 e5 2. c4 f5 3. Nc3 Nf6 4. d4 e4 5. Bg2 c6 6. d5 Bb4 7. Bg5 0-0 8. Nh3 Qa5 9. 0-0 Bxc3 10. bxc3 Qxc3 11. Rc1 Qa3 12. Qd2 Na6 13. f3 exf3 14. Rxf3 Qc5+ 15. Be3 Qe7 16. d6 Qe5 17. Nf2 b6 18. Bh3 Ne8 19. Bf4 Qc5 20. Re3 Bb7 21. Nd3 Qa5 22. Qb2 Nc5 23. Re7 Nxd3 24. exd3 Rd8 25. Be5 Nf6 26. Bxf5 Bc8 27. Bh3 b5 28. Rf1 bxc4 29. Bxf6 Rxf6 30. Rxf6 1-0

[Event "NZL-ch Major op"]
[Site "Wanganui"]
[Date "2003.01.03"]
[Round "3"]
[White "Stracy, Don M"]
[Black "McDonald, John A"]
[Result "0-1"]
[WhiteElo "1573"]
[BlackElo "1858"]
[PlyCount "92"]
[EventDate "2003.01.??"]
[EventType "swiss"]
[EventRounds "11"]
[EventCountry "NZL"]
[SourceTitle "EXT 2005"]
[Source "ChessBase"]
[SourceDate "2004.11.15"]
[SourceVersion "1"]
[SourceVersionDate "2004.11.15"]
[SourceQuality "1"]

1. e4 c5 2. Nf3 Nc6 3. d4 cxd4 4. Nxd4 g6 5. c4 Bg7 6. Be3 Nf6 7. Nc3 Ng4 8. Qxg4 Nxd4 9. Qd1 Ne6 10. Rc1 Qa5 11. Be2 g5 12. 0-0 Qe5 13. Qd5 h5 14. Qxe5 Bxe5 15. c5 h4 16. Rfd1 f6 17. Rc2 Kf8 18. Bb5 d6 19. cxd6 Bxd6 20. Bc4 Be5 21. Nb5 a6 22. Nd4 Nc7 23. Ne2 Be6 24. Bb6 Bxc4 25. Rxc4 Nb5 26. Rc2 Nd6 27. f3 Kf7 28. b3 Rac8 29. Rdc1 Rxc2 30. Rxc2 Ke6 31. Nd4+ Bxd4+ 32. Bxd4 Rg8 33. Kf2 g4 34. Ke3 h3 35. fxg4 Rxg4 36. gxh3 Rxe4+ 37. Kd3 Rh4 38. Re2+ Kd5 39. Bf2 Rxh3+ 40. Bg3 Nf5 41. Rg2 e5 42. Ke2 Nd4+ 43. Kf2 f5 44. Kf1 f4 45. Bxf4 exf4 46. Rg5+ Ke4 0-1